Manual de escritura académica

Shranjeno v:
Bibliografske podrobnosti
Glavni avtor: Prat Ferrer, Juan José (autor)
Drugi avtorji: Peña Delgado, Ángel (autor)
Format: Neznan
Jezik:angleščina
Izdano: Madrid, España. Paraninfo, 2015
Teme:
Oznake: Označite
Brez oznak, prvi označite!

MARC

LEADER 00000 a2200000 4500
003 CL-VaPUC
005 20211210133629.0
008 211110b2015 ||||| |||| 00| 0 eng d
999 |c 433697  |d 433695 
020 |a 9788428337854 
040 |c Pontificia Universidad Católica de Valparaíso 
082 |a 808.066378 PRA 2015 
100 1 |a Prat Ferrer, Juan José  |9 864242  |e autor 
245 1 |a Manual de escritura académica 
260 |a Madrid, España.  |b Paraninfo,   |c 2015 
300 |a 266 páginas  
583 |k Cristina María Rojas Aguilar  |c 20211110 
650 0 |a Escritura Académica  |9 857537  |x Estudiantes universitarios  
650 0 |a Trabajo académico  |x Elaboración   |9 864603 
700 |a Peña Delgado, Ángel   |9 864243  |e autor 
942 |2 ddc  |c BK 
952 |0 0  |1 0  |2 ddc  |4 0  |6 808_066378000000000_PRA_2015  |7 0  |8 A  |9 579210  |a BIBCUR  |b BIBCUR  |d 2021-11-09  |e 74  |g 32679.00  |i 5625742  |l 2  |o 808.066378 PRA 2015  |p 5625742  |r 2025-04-22  |s 2022-04-29  |t 1  |v 32679.00  |w 2021-11-09  |y BK  |k PER